000 00756nam a2200241 i 4500
001 000007218
003 DO-SdBNP
005 20230626100401.0
007 ta
008 090907s1994 dr a 001 0 spa d
040 _aDO-SdBNP
_bspa
_cBNPHU
_erda
082 _axxxx
_bU588
_222
245 1 0 _aAprendizaje participativo de las ciencias naturales /
_cJosefina Mercedes de Cotes ; Lidia Teresa Pimentel
264 _aSanto Domingo :
_bProdep,
_c1994
300 _a383 paginas. :
_bilustraciones. ;
_c23 cm.
336 _2rdacontent
_atexto
_btxt
337 _2rdamedia
_asin mediación
_bn
338 _2rdacarriaer
_avolumen
_bnc
590 _aInventariado, 2023 / DG
700 _aPimentel, Lidia Teresa
_eautor
_983586
910 _aDG
942 _2ddc
_cLBS1
999 _c53930
_d53930